000 00900nam a2200253 a 4500
001 BRL_1554
005 20190320211247.0
008 030314s1981----mx-o######---#000-0#spa-#
020 _a968804590X
041 _aspa
044 _amx
050 4 _aN6559.C6
_b.U55 1981
245 1 0 _aEl universo de Pedro Coronel
_cedición a cargo de Rigel García de la Cabada y Mariano Flores Castro ; fotografías Gabriel Figueroa Flores.
260 _aMéxico
_bCultura SEP : INBA, Dirección de Artes Plásticas
_c1981
300 _a118 p.
_bil., fotografía (a color)
_c27 cm.
_e+ 1 Plano plegable
500 _aAu1837
500 _aIncluye índice de ilustraciones
600 1 4 _aCoronel, Pedro
_d1923-1985
_927260
700 1 _aGarcia de la Cabada, Rigel
_eed.
_927261
700 1 _aFlores Castro, Mariano
_eed.
_927262
700 1 _aFigueroa Flores, Gabriel
_eil.
_95619
902 _aGRL
942 _2lcc
_cB
999 _c10363
_d10363